Introducing software testing: (Record no. 5129)

MARC details
000 -LEADER
fixed length control field 00452nam a22001697a 4500
005 - DATE AND TIME OF LATEST TRANSACTION
control field 20210909151523.0
008 - FIXED-LENGTH DATA ELEMENTS--GENERAL INFORMATION
fixed length control field 160701b xxu||||| |||| 00| 0 eng d
020 ## - INTERNATIONAL STANDARD BOOK NUMBER
ISBN 978-81-775-8243-7
041 ## - LANGUAGE CODE
Language code of text/sound track or separate title eng
082 ## - DEWEY DECIMAL CLASSIFICATION NUMBER
Item number 20790
Classification number 005.14
100 ## - MAIN ENTRY--AUTHOR NAME
Personal name Tamres Louise
245 ## - TITLE STATEMENT
Title Introducing software testing:
Remainder of title a practical guide to getting started
260 ## - PUBLICATION, DISTRIBUTION, ETC. (IMPRINT)
Name of publisher Pearson
Year of publication 2006
300 ## - PHYSICAL DESCRIPTION
Number of Pages 289
650 ## - SUBJECT ADDED ENTRY--TOPICAL TERM
Topical Term Information Technology
942 ## - ADDED ENTRY ELEMENTS (KOHA)
Koha item type Books
Holdings
Lost status Damaged status Collection code Home library Current library Shelving location Date acquired Cost, normal purchase price Full call number Accession Number Koha item type
    Reference JRU Library JRU Library SHELF-55-B 01/07/2016 450.00 005.14 20790 Books
    CS/IT JRU Library JRU Library SHELF-50-C 01/07/2016 450.00 005.14 20791 Books
    CS/IT JRU Library JRU Library SHELF-50-C 01/07/2016 450.00 005.14 20792 Books